Michelangelo 1475-1564: the last judgment

Shranjeno v:
Bibliografske podrobnosti
Glavni avtor: Salinger, Margaretta M (Author)
Format: Knjiga
Jezik:angleščina
Izdano: Nueva York Harry N. Abrams 1954
Teme:
Oznake: Označite
Brez oznak, prvi označite!

MARC

LEADER 00000nam a2200000 a 4500
001 UCZ0367
003 CL-VaPUC
008 950728e19540000US |||||||||||||||||eng|d
082 0 4 |a 759.5  |b SAL  |2 21 
100 0 |a Salinger, Margaretta M  |e author  |9 343140 
245 1 0 |a Michelangelo 1475-1564: the last judgment 
300 |a 45 p 
942 |c BK 
945 |d 19950728 00:00:00  |a rbrito 
260 |a Nueva York  |b Harry N. Abrams  |c 1954 
600 0 |a Miguel Angel  |q (Buonarroti, Michelangelo)  |d 1475-1564  |9 880971 
650 0 |a Pintura italiana  |9 265293 
650 0 |a Pintores italianos  |9 265277 
583 |a last modification  |c 19950728 00:00:00  |k Rodrigo Vera 
999 |c 237303  |d 237301 
952 |0 0  |1 0  |4 0  |6 759_500000000000000_SAL_1954  |7 0  |8 A  |9 246226  |a BIBART  |b BIBART  |d 2019-11-18  |i 310043K  |o 759.5 SAL 1954  |p 310043K  |r 2025-03-13  |w 2019-11-18  |y BK  |k ART